Statystyki dla Najczęściej używane języki europejskie na mapie

Kliknij tutaj aby rozwiązać quiz!

Ogólne statystyki

  • Ten quiz został rozwiązany 15 601 razy
    (4 540 od ostatniego zresetowania)
  • Średni wynik to 29 z 38

Odpowiedzi na mapie

Odpowiedzi skodowane kolorowo w zielono-czerwonej skali na mapie do tego quizu, zgodnie z poniższymi procentami.
 

Statystyki odpowiedzi

#Język% Poprawnych
39 mlnpolski
99%
106 mlnrosyjski
99%
60 mlnangielski
98%
97 mlnniemiecki
98%
66 mlnfrancuski
97%
38 mlnhiszpański
97%
10 mlnportugalski
96%
32 mlnukraiński
96%
65 mlnwłoski
96%
10 mlnczeski
94%
11 mlngrecki
92%
4,7 mlnnorweski
92%
5,2 mlnsłowacki
92%
3,3 mlnbiałoruski
91%
5,5 mlnduński
91%
1,1 mlnestoński
89%
24 mlnrumuński
89%
21 mlnserbsko-chorwacki
89%
22 mlnholenderski
88%
9,1 mlnszwedzki
87%
13 mlnwęgierski
87%
3,0 mlnlitewski
86%
1,7 mlnłotewski
84%
7,8 mlnbułgarski
82%
2,1 mlnsłoweński
81%
5,4 mlnfiński
80%
5,4 mlnalbański
79%
12 mlnturecki
79%
4,0 mlnkataloński
72%
1,4 mlnmacedoński
72%
1,3 mlnsardyński
42%
1,0 mlnkazachski
40%
1,4 mlnczeczeński
33%
2,4 mlngalicyjski
26%
4,3 mlntatarski
25%
1,5 mlnromski
12%
1,1 mlnczuwaski
7%
1,2 mlnbaszkirski
6%

Rozkład punktacji

Percentyl według liczby udzielonych odpowiedzi

Procent ludzi z każdym wynikiem

Twoja historia wyników

Nie rozwiązałeś tego quizu od ostatniego zresetowania